000 00394nam a2200157 a 4500
005 20140310183441.0
008 080522s19uu xx 00 eng d
050 _aPS 3569
_b.Od22 1996
100 _aO'Day-Flannery, Constance
245 _aSunsets.
260 _aNew York :
_bWarner Books,
_c1996.
300 _a403 p. :
_c17 cm.
650 _aFiction.
942 _cBK
_2lcc
999 _c23122
_d23122